000 01055nam a2200289 i 4500
003 IT-RoINE
005 20170731051539.0
008 960708s1996 sp | |r ||| ||spa d
020 _a8479142111
040 _aIT-RoINE
_cIT-RoINE
041 1 _aspa
_hfre
100 1 _915390
_aBlondel, Maurice,
_d1861-1949
240 1 2 _aL'action (1893).
_lEspañol
245 1 3 _aLa acción (1893) :
_bensayo de una crítica de la vida y de una ciencia de la práctica /
_cMaureice Blondel ; introducción, versión y notas de Juan Maria Isasi y César Izquierdo.
260 _aMadrid :
_bBiblioteca de Autores Cristianos,
_c1996.
300 _aLXXI, 546 p. ;
_c20 cm.
336 _2rdacontent
_atext
337 _2rdamedia
_aunmediated
338 _2rdacarrier
_avolume
490 1 0 _aBiblioteca de autores cristianos ;
_v557
504 _aBibliografía: p. [LXIII]-LXXI.
650 4 _aActo (Filosofía)
_915391
700 1 _aIsasi, Juan Maria
_915392
700 1 _94302
_aIzquierdo, César,
_d1953-
830 0 _9843
_aBiblioteca de Autores Cristianos
942 _cMTS
999 _c7180
_d7180